| 000 | 00383nam a2200169Ia 4500 | ||
|---|---|---|---|
| 005 | 20250423101330.0 | ||
| 008 | 250422s9999 xx 000 0 und d | ||
| 020 | _a978-1-4165-1100-7 | ||
| 050 | _aPR 6108 .O668 M46/ | ||
| 100 | _aHore, Rachel | ||
| 245 | 4 | _aThe memory garden | |
| 260 | _aLondon | ||
| 260 | _bPocket Books | ||
| 260 | _c2007 | ||
| 300 | _a420 p | ||
| 942 | _cBK | ||
| 999 |
_c35994 _d35994 |
||